|
|
|
|
| LEADER |
01705nam a2200349 u 4500 |
| 001 |
10021084 |
| 003 |
upatras |
| 005 |
20231002093158.0 |
| 008 |
990330s1996 us eng |
| 020 |
|
|
|a 0300064918
|
| 040 |
|
|
|a GR-PaULI
|c GR-PaULI
|
| 041 |
0 |
|
|a eng
|
| 082 |
0 |
4 |
|a 722.809 38
|
| 100 |
1 |
|
|a Lawrence, A. W.
|9 145432
|
| 245 |
1 |
0 |
|a Greek architecture
|c A. W. Lawrence; revised by R. A. Tomlinson
|
| 260 |
|
|
|a New Haven
|b Yale University
|c 1996
|
| 300 |
|
|
|a 246 p.
|b fig.
|c 29 cm.
|
| 490 |
0 |
|
|a Yale University Press Pelican history of art
|
| 504 |
|
|
|a Includes notes and index
|
| 650 |
|
4 |
|a Αρχιτεκτονική
|x Ιστορία
|9 5898
|
| 650 |
|
4 |
|a Αρχιτεκτονική
|z Αρχαία Ελλάδα
|9 7820
|
| 700 |
1 |
|
|a Tomlinson, R. A.
|4 edt
|9 145433
|
| 760 |
0 |
|
|a Yale University Press Pelican history of art
|
| 852 |
|
|
|a GR-PaULI
|b ΠΑΤΡΑ
|b ΑΡΧΙΤΕΚΤΟΝΙΚΗ
|k ΑΣΧΞ-2
|h 722.809 38 L
|m 39484
|p 025000003494
|t 1
|
| 852 |
|
|
|a GR-PaULI
|b ΠΑΤΡΑ
|b ΦΙΛΟΛΟΓΙΑ
|k ΑΣΧΞ
|h 722.8 L
|m 045779
|p 025000059202
|t 2
|
| 852 |
|
|
|a GR-PaULI
|b ΠΑΤΡΑ
|b ΦΙΛΟΛΟΓΙΑ
|k ΔΑΝΕΙΖ-6
|h 722.809 38 LAW
|t 3
|3 003478
|
| 942 |
|
|
|2 ddc
|c BK15
|
| 952 |
|
|
|0 0
|1 0
|4 0
|6 722_809000000000000_38_L
|7 0
|9 182233
|a ARCH
|b ARCH
|d 2016-04-24
|i 39484
|l 0
|o 722.809 38 L
|p 025000003494
|r 2016-04-24 00:00:00
|t 1
|w 2016-04-24
|y BK15
|
| 952 |
|
|
|0 0
|1 0
|4 0
|6 722_800000000000000_L
|7 0
|9 182234
|a LTRT
|b LTRT
|d 2016-04-24
|i 045779
|l 0
|o 722.8 L
|p 025000059202
|r 2016-04-24 00:00:00
|t 2
|w 2016-04-24
|y BK15
|
| 952 |
|
|
|0 0
|1 0
|3 003478
|4 0
|6 722_809000000000000_38_LAW
|7 0
|9 182235
|a LTRT
|b LTRT
|d 2016-04-24
|l 0
|o 722.809 38 LAW
|r 2016-04-24 00:00:00
|t 3
|w 2016-04-24
|y BK15
|
| 998 |
|
|
|c ΜΑΝΙΑΚΗ
|d 1999-03
|
| 999 |
|
|
|c 112518
|d 112518
|